000 02570nam a2200565 i 4500
005 20220317001721.0
008 170328s2013 ck a gs 000 j spa d
020 _a9789583003336
020 _a9789583003332
040 _aCO-BoRNBP
_bspa
_cCO-BoRNBP
_erda
041 0 _aspa
100 1 _aTolstoi, León Nikolayevich,
_d1828-1910
_eautor
245 1 0 _aLeón Tolstoi
_ctraducido por Francisco Montaña I. ; ilustrado por Alekos ; selección de Martín Moreno Ángel
250 _aPrimera edición
264 1 _aBogotá
_bPanamericana
_c2013
300 _a177 páginas
_bilustraciones a color
_c15 cm
336 _atexto
_btxt
_2rdacontent
337 _asin mediación
_bn
_2rdamedia
338 _avolumen
_bnc
_2rdacarrier
490 _aCajón de cuentos
505 1 _aCómo atraparon al oso -- El águila -- El león y el perrito --La liebre gris -- El lobo y el perro -- El ciego y el sordo -- Un hombre cualquiera y los pepinos -- Esto contó un niño a quien no llevaron a la ciudad -- La distribución de la herencia -- ¿A dónde va el agua del mar? -- La semilla -- Un hombre cualquiera y el caballo -- La niña y los hongos -- Esto ocurre con el rocío sobre la hierba -- Autónomo -- El mosquito y el león -- El más justo juez -- Dios ve la verdad pero la calla mucho tiempo -- El zar y la camisa -- ¿Cómo caminan los árboles?
521 _aRecomendados desde los 9 años
650 1 4 _aCuentos infantiles rusos
_ySiglo XIX
_2LEMB
650 1 4 _aLiteratura infantil rusa
_ySiglo XIX
_2LEMB
700 1 _aAlekos,
_d1953-
_911192
700 1 _aMoreno ángel, Martín
_912498
700 1 _aMontaña ibáñez, francisco antonio,
_d1966-
_97595
740 _a ¿A donde va el agua del mar?
740 _a ¿Cómo caminan los árboles?
740 _a Autónomo
740 _a Dios ve la verdad pero la calla mucho tiempo
740 _a El águila
740 _a El ciego y el sordo
740 _a El león y el perrito
740 _a El lobo y el perro
740 _a El más justo juez
740 _a El mosquito y el león
740 _a El zar y la camisa
740 _a Esto contó un niño a quien no llevaron a la ciudad
740 _a Esto ocurre con el rocío sobre la hierba
740 _a La distribución de la herencia
740 _a La liebre gris
740 _a La niña y los hongos
740 _a La semilla
740 _a Un hombre cualquiera y el caballo
740 _a Un hombre cualquiera y los pepinos
740 _aComo atraparon al oso
942 _2loc
_cBKLIT
084 _aC TOL1
999 _c7839
_d7839